Biggest 70s Rock Hits - Sudden Death - Statistics

General Stats
  • This quiz has been taken 233 times
  • The average score is 3 of 15
Answers on the Grid
Answers color-coded by a green-red scale on the quiz's grid according to % correct below.
I Was Made for Lovin' You
Staying Alive
Bohemian Rhapsody
Highway to Hell
Back in Black
Roundabout
Something
Master of Puppets
Every Breath you Take
Let it Be
Carry on Wayward Son
Running with the Devil
Livin' on a Prayer
Walk of Life
Another Brick in the Wall
More than a Feeling
Hey Jude
TNT
Smells Like Teen Spirit
Whole Lotta Rosie
I Wanna Rock N Roll All Nite
Welcome to the Jungle
Sweet Child O' Mine
Stairway to Heaven
Dirty Deeds Done Dirt Cheap
Come on Eileen
Another One Bites the Dust
The Real Slim Shady
Paint it Black
Money
 
Answer Stats
Answer % Correct
I Was Made for Lovin' You
61%
Bohemian Rhapsody
43%
Highway to Hell
30%
Let it Be
23%
Carry on Wayward Son
17%
Stairway to Heaven
15%
More than a Feeling
14%
Another Brick in the Wall
11%
Roundabout
11%
Money
8%
I Wanna Rock N Roll All Nite
7%
Whole Lotta Rosie
6%
Dirty Deeds Done Dirt Cheap
4%
Running with the Devil
4%
TNT
4%
No matching quizzes found
Score Distribution
Percent of People with Each Score
Percentile by Number Answered
Your Score History
You have not taken this quiz